000 00343 a2200157 4500
001 174073
020 _a
040 _cMagnum
100 _aOliveira, Maria Helena Cozzolino de
240 1 0 _aMetodologia da linguagem
_lpor
245 1 0 _aMetodologia da linguagem
362 0 _a1899
440 1 _aSaraiva
697 _aENSINO
942 _cBK
999 _c174073
_d174073